Бързия [Михайловградски окръг] (Запис номер 189517)
[ съкратено ]
| 000 -Лидер | |
|---|---|
| Контролно поле с фиксирана дължина | 01567nam a2200361 c 4500 |
| 003 - Код на организацията, давaща контролен номер | |
| Контролно поле | BLK |
| 005 - Дата и час на последна редакция | |
| Контролно поле | 20180421000558.0 |
| 008 - Елементи от данни с фиксирана дължина | |
| fixed length control field | 180411b bul|||||r ||||||| ||bul|| |
| 010 ## - Наследен системен номер | |
| LC control number | KNG00198561000 |
| 040 ## - Източник на каталожния запис | |
| Идентификатор на билиотеката - собственик на записа | BLK |
| 041 ## - Код за език | |
| Код за езика на текст/звукозапис или на отделно заглавие | Български |
| Код за езика КДБФ | Български |
| 080 ## - УДК | |
| Текстов определител УДК | Хидротерапия (водотерапия). Балнеолечение. Курортотерапия - Лечение с бани, горещи бани, сауна, хладни бани, речно къпане, влажни фрикции, компреси, с "жива вода"(алкално активирана, с ph 9, 6;курорт |
| УДК код - определител по УДК | 615.838 |
| УДК определител | (497.2) |
| УДК - код + определител | 615.838(497.2) |
| 100 1# - Редна дума - Автор | |
| Автор | Истатков, Николай |
| Авторска отговорност | първи автор |
| R(LIN) | 73206 |
| 139 ## - Редно поле | |
| Редна дума | Истатков, Николай |
| Авторски знак | Ист - И 94 |
| 245 10 - Сведения за заглавието | |
| Заглавие | Бързия [Михайловградски окръг] |
| Редно поле (дума) | Николай Истатков. |
| 257 ## - Страна на издаване | |
| Страна на създаване/издаване | България |
| 260 ## - Област на издателските данни | |
| -- | София |
| Име на издателя, разпространителя и проч. | Медицина и физкултура |
| Година на издаване | 1979 |
| Печатница | Пловдив : Д. Благоев |
| 300 ## - Физическа характеристика | |
| Страници | 32 с. |
| Илюстрации и др. | с ил. |
| Размери/Мащаб | 17 см |
| 380 ## - Жанр | |
| Жанр | Медицина |
| 490 1# - СЕРИИ (Колекции) | |
| Име на серия | Наши курорти |
| 500 ## - Общи забележки | |
| Забележка | 1 100 тир. |
| 650 #4 - Допълнително описание по предмет – тема | |
| Основно описание – тема или топоним | Курорти - България |
| 9 (RLIN) | 319021 |
| 650 #4 - Допълнително описание по предмет – тема | |
| Основно описание – тема или топоним | Балнеотерапия - България |
| 9 (RLIN) | 246845 |
| 651 #4 - Допълнително описание по предмет - топоним | |
| Географско понятие | България |
| 9 (RLIN) | 241624 |
| 653 ## - Ключова дума – ненормативна | |
| Ключова дума | Бързия |
| 653 ## - Ключова дума – ненормативна | |
| Ключова дума | курорти |
| 653 ## - Ключова дума – ненормативна | |
| Ключова дума | балнеолечение |
| 852 ## - Местоположение | |
| Форматна сигнатура | Цб І 17003 |
| 856 4# - Електронен адрес и достъп | |
| Електронен формат | pdf - файл |
| Път до файла /url/ | |
| 856 4# - Електронен адрес и достъп | |
| Електронен формат | pdf - файл |
| Път до файла /url/ | |
| 942 ## - АРТИКУЛИ | |
| Вид на библиотечния материал | Книги |
| Скрит в OPAC | Не |
| 944 ## - СЪЗДАВАНЕ И РЕДАКЦИЯ на ЗАПИСА | |
| Създаване/Редакция | Създаване |
| Дата на регистрацията/редакция | 19.12.2016 |
| Служител, извършил регистрацията/редакцията | Елиз_Шакирова |
| 944 ## - СЪЗДАВАНЕ И РЕДАКЦИЯ на ЗАПИСА | |
| Създаване/Редакция | Редакция |
| Дата на регистрацията/редакция | 19.12.2016 |
| Служител, извършил регистрацията/редакцията | Елиз_Шакирова |
| 999 ## - СИСТЕМНИ КОНТРОЛНИ НОМЕРА | |
| Koha biblionumber | 189517 |
| Koha biblioitemnumber | 189517 |
| Код за отписване | Код за изгубен артикул | Източник на класификационната схема | Код за повреда | Коз за рестрикции | Код за отдаване | Артикулен № | Име на библиотеката - собственик | Име на библиотеката, в която се намира в момента | Статус (Текущо местоположение) | Дата на вписване в системата | Местоположение - отдел | Цена в лева | Инвентарен номер | Систематично азбучна сигнатура | Баркод | Номер на екземпляра | Цена в евро | Служебна бележка | Служебен тип на артикула |
|---|---|---|---|---|---|---|---|---|---|---|---|---|---|---|---|---|---|---|---|
| Не е изгубен | Universal Decimal Classification | Не е повреден | само за читалня | ползва се в читалня | 333473 | Регионална библиотека "Любен Каравелов" Русе | Регионална библиотека "Любен Каравелов" Русе | Хранилище | 1979-01-01 | Хранилище | 0.16 | 276427 | Цб І 17003 | 120000276427 | 1 | 0.08 | Дост: Dp Вид: Д N: стар фонд Дата: 01.01.1979 | Книги | |
| Изтеглен | Не е изгубен | Universal Decimal Classification | Не е повреден | без рестрикции | заемане за дома | 333474 | Регионална библиотека "Любен Каравелов" Русе | Регионална библиотека "Любен Каравелов" Русе | Заемна - подръчен фонд | 1979-01-01 | Заемна - подръчен фонд | 0.16 | 278896 | П 615.83/И 94 | 278896 | 2 | 0.08 | Дост: Pk Вид: Ф N: стар фонд Дата: 01.01.1979 Дата инв: 15.02.2018 Бележки инв: П2018 | Книги |